Normal view
MARC view
- اثبات -- قانون -- الاردن
Entry Topical Term
001 - CONTROL NUMBER
- control field: 47129
003 - CONTROL NUMBER IDENTIFIER
- control field: JO-AjAnu
005 - DATE AND TIME OF LATEST TRANSACTION
- control field: 20230606081801.0
008 - FIXED-LENGTH DATA ELEMENTS
- fixed length control field: 230606|| aca||aabn | a|a d
040 ## - CATALOGING SOURCE
- Original cataloging agency: JO-AjAnu
- Transcribing agency: JO-AjAnu
150 ## - HEADING--TOPICAL TERM
- Topical term or geographic name entry element: اثبات -- قانون -- الاردن
670 ## - SOURCE DATA FOUND
- Source citation: Work cat.: (JO-AjAnu)24119: النداوي، آدم وهيب, author 47128, شرح قانون البينات والاجراء : دراسة مقارنة بين الفقة الاسلامي والتشريع والفقة والقضاء العربي والغربي